000 00293nam a2200109Ia 4500
005 20251222154358.0
008 251222s9999||||xx |||||||||||||| ||spa||
082 _a338.985.51/I49
100 _a"Indacochea Cáceda, Alejandro"
245 0 _aJunín competitivo: El Valle del Mantaro
942 _cLIB
999 _c35177
_d35177